Les Présidents de la République française de la 5° République - Statistiques

Statistiques générales
  • Ce quiz a été pris 479 fois
    468 depuis la dernière actualisation
  • Le résultat moyen est 8 sur 9
Statistiques - réponses
Indices Nom % Correct
Emmanuel Macron
99%
Jacques (1995-2007) Chirac
98%
François (2012-2017) Hollande
98%
Nicolas (2007-2012) Sarkozy
96%
Charles (1959-1969) de Gaulle
92%
Georges (1969-1974) Pompidou
92%
Valéry (1974-1981) Giscard d'Estaing
82%
François (1981-1995) Mitterrand
77%
Alain (1969-1974 intérim du 28/4 au 20/6/1969 et du 2/4 au 19/5/1974) Poher
39%
Aucun quiz correspondant
Distribution des résultats
% des personnes avec chaque résultat
Percentile par nombre de réponses
Votre historique - résultats
Vous n’avez pas pris ce quiz depuis la dernière actualisation